French Numbers - Statistics

General Stats
  • This quiz has been taken 16 times
  • The average score is 17 of 20
Answer Stats
Hint Answer % Correct
2 deux
100%
3 trois
100%
1 un
100%
5 cinq
94%
10 dix
94%
9 neuf
94%
7 sept
94%
6 six
94%
8 huit
88%
4 quatre
88%
18 dix-huit
81%
19 dix-neuf
81%
17 dix-sept
81%
12 douze
81%
11 onze
81%
14 quatorze
81%
13 treize
81%
20 vingt
81%
15 quinze
69%
16 seize
63%
No matching quizzes found
Score Distribution
Percent of People with Each Score
Percentile by Number Answered
Your Score History
You have not taken this quiz